Famous People with Fishy Names - Statistics

General Stats
  • This quiz has been taken 157 times
  • The average score is 3 of 12
Answer Stats
Life Hint Person % Correct
1956–2016 Main actress from the original Star Wars movies Carrie Fisher
85%
1943–2008 Chess grandmaster who won his first championship at 14 Bobby Fischer
61%
1928–2010 Singer who married Elizabeth Taylor and Debbie Reynolds Eddie Fisher
44%
1979– Member of NSYNC Lance Bass
32%
1991– Star center fielder for the Los Angeles Angels Mike Trout
30%
1955– Nickname of Australian golfer Greg Norman The Shark
28%
1968– Former Angels player with 299 home runs Tim Salmon
14%
1963– He played Indian character Ben in Short Circuit Fisher Stevens
12%
Fictional Character who appears in many Kurt Vonnegut novels Kilgore Trout
9%
1808–1893 Secretary of State who developed international arbitration Hamilton Fish
8%
Fictional One of the four Ghostbusters Ray Stantz
8%
1951– Blues guitarist from Canned Heat and the Bluesbreakers Walter Trout
5%
No matching quizzes found
Score Distribution
Percent of People with Each Score
Percentile by Number Answered
Your Score History
You have not taken this quiz